000 00487 a2200157 4500
999 _c2457
_d2457
020 _a9780627030154
050 _aHN 17. 5 REA 2013
245 _aA reader on selected social issues /
_cedited by Frans J.Bezuidenhout
250 _a5th ed.
264 _aPretoria:
_bVan schaik,
_c2013
300 _axxi, 398p.
500 _aincludes bibliographical references and index
650 _asocial issues
700 _aFrans J. Bezuidenhout
_eeditor
942 _2lcc
_cBK
_e5th ed.
_h17.5
_iREA
_kHN